Chain event graphs (Record no. 81244)

MARC details
000 -LEADER
fixed length control field 00837nam a22002657a 4500
003 - CONTROL NUMBER IDENTIFIER
control field CBULib
005 - DATE AND TIME OF LATEST TRANSACTION
control field 20230815142718.0
008 - FIXED-LENGTH DATA ELEMENTS--GENERAL INFORMATION
fixed length control field 230815b |||||||| |||| 00| 0 eng d
020 ## - INTERNATIONAL STANDARD BOOK NUMBER
International Standard Book Number 9781498729604
040 ## - CATALOGING SOURCE
Language of cataloging English
Transcribing agency CBULib
Description conventions rda
041 ## - LANGUAGE CODE
Language code of text/sound track or separate title eng
050 ## - LIBRARY OF CONGRESS CALL NUMBER
Classification number QA 279.5 Col
100 ## - MAIN ENTRY--PERSONAL NAME
9 (RLIN) 538
Personal name Collazo, Rodrigo A.
245 ## - TITLE STATEMENT
Title Chain event graphs
Statement of responsibility, etc / by Rodrigo A. Collazo; Christiane Gorgen; Jim Q. Smith
260 ## - PUBLICATION, DISTRIBUTION, ETC. (IMPRINT)
Place of publication, distribution, etc New York,
Name of publisher, distributor, etc CRC Press;
Date of publication, distribution, etc [2018]
300 ## - PHYSICAL DESCRIPTION
Extent xx, 233 pages : illustrations
336 ## - CONTENT TYPE
Source rdacontent
Content type term Text |
Content type code txt
337 ## - MEDIA TYPE
Source rdamedia
Media type term Unmediated |
Media type code n
338 ## - CARRIER TYPE
Source rdacarrier
Carrier type term Volume
Carrier type code nc
504 ## - BIBLIOGRAPHY, ETC. NOTE
Bibliography, etc Includes references
650 #0 - SUBJECT ADDED ENTRY--TOPICAL TERM
Source of heading or term Library of Congress
9 (RLIN) 540
Topical term or geographic name as entry element MATHEMATICS STATISTICS--GRAPHIC METHODS
700 ## - ADDED ENTRY--PERSONAL NAME
9 (RLIN) 541
Personal name Gorgen, Christiane
700 ## - ADDED ENTRY--PERSONAL NAME
9 (RLIN) 542
Personal name Smith, Jim Q.
942 ## - ADDED ENTRY ELEMENTS (KOHA)
Source of classification or shelving scheme
Koha item type MONOGRAPH
Holdings
Withdrawn status Lost status Source of classification or shelving scheme Damaged status Not for loan Collection code Permanent Location Current Location Shelving location Date acquired Source of acquisition Cost, normal purchase price Full call number Barcode Date last seen Copy number Cost, replacement price Price effective from Koha item type
          Main Library Open Access Collection CBU-MAIN LIBRARY, KITWE. CBU-MAIN LIBRARY, KITWE. General Stacks 08/15/2023 DON-BOOKAID 97.00 QA 279.5 Col 752274 08/15/2023 1 117.00 08/15/2023 MONOGRAPH
          Main Library Open Access Collection CBU-MAIN LIBRARY, KITWE. CBU-MAIN LIBRARY, KITWE. General Stacks 08/15/2023 DON-BOOKAID 97.00 QA 279.5 Col 752275 08/15/2023 2 117.00 08/15/2023 MONOGRAPH